[Event "WYCC Open U18"]
[Site "Porto Carras"]
[Date "2015.11.01"]
[Round "7.15"]
[White "Bayramov, Zaur"]
[Black "Carneiro, Vitor Roberto Castro"]
[Result "0-1"]
[BlackElo "2381"]
[WhiteElo "2107"]
[LiveChessVersion "1.4.6"]

1. e4 {[%clk 1:30:56]} c6 {[%clk 1:30:37]} 2. d4 {[%clk 1:31:15]} d5
{[%clk 1:30:45]} 3. Nc3 {[%clk 1:31:38]} dxe4 {[%clk 1:30:48]} 4. Nxe4
{[%clk 1:32:01]} Bf5 {[%clk 1:30:52]} 5. Ng3 {[%clk 1:32:14]} Bg6
{[%clk 1:31:11]} 6. Nh3 {[%clk 1:32:33]} e6 {[%clk 1:30:48]} 7. Nf4
{[%clk 1:32:43]} Bd6 {[%clk 1:30:30]} 8. h4 {[%clk 1:29:51]} Qc7 {[%clk 1:30:01]}
9. Nxg6 {[%clk 1:28:36]} hxg6 {[%clk 1:30:04]} 10. Ne4 {[%clk 1:28:45]} Nf6
{[%clk 1:28:11]} 11. Nxd6+ {[%clk 1:20:28]} Qxd6 {[%clk 1:28:25]} 12. Qd3
{[%clk 1:14:25]} O-O {[%clk 1:22:42]} 13. Bg5 {[%clk 1:11:24]} Qb4+
{[%clk 1:18:51]} 14. Qc3 {[%clk 1:10:57]} Qxc3+ {[%clk 1:18:20]} 15. bxc3
{[%clk 1:11:18]} Ne4 {[%clk 1:15:40]} 16. Bd2 {[%clk 1:07:58]} Rd8
{[%clk 1:10:01]} 17. Bd3 {[%clk 1:07:04]} Nxd2 {[%clk 1:09:40]} 18. Kxd2
{[%clk 1:06:33]} Nd7 {[%clk 1:08:14]} 19. Rae1 {[%clk 0:47:44]} c5
{[%clk 1:02:40]} 20. h5 {[%clk 0:37:37]} g5 {[%clk 0:58:08]} 21. f4
{[%clk 0:19:13]} gxf4 {[%clk 0:53:23]} 22. Re4 {[%clk 0:19:12]} Nf6
{[%clk 0:47:01]} 23. Rxf4 {[%clk 0:18:43]} Nd5 {[%clk 0:41:33]} 24. Rf3
{[%clk 0:17:15]} Rac8 {[%clk 0:40:05]} 25. g4 {[%clk 0:12:23]} cxd4
{[%clk 0:38:44]} 26. cxd4 {[%clk 0:12:51]} Nb4 {[%clk 0:20:19]} 27. c3
{[%clk 0:11:12]} Nd5 {[%clk 0:19:16]} 28. Rc1 {[%clk 0:10:07]} Nb6
{[%clk 0:15:21]} 29. Rcf1 {[%clk 0:06:55]} e5 {[%clk 0:09:16]} 30. Rxf7
{[%clk 0:06:38]} exd4 {[%clk 0:09:45]} 31. c4 {[%clk 0:05:38]} Nxc4+
{[%clk 0:08:14]} 32. Bxc4 {[%clk 0:06:02]} Rxc4 {[%clk 0:08:43]} 33. Rxb7
{[%clk 0:02:39]} d3 {[%clk 0:08:20]} 34. g5 {[%clk 0:02:45]} Rc2+
{[%clk 0:04:31]} 35. Kd1 {[%clk 0:02:46]} Rc5 {[%clk 0:04:20]} 36. Rg1
{[%clk 0:00:46]} Rc2 {[%clk 0:00:48]} 37. Rf1 {[%clk 0:01:04]} Rc5
{[%clk 0:01:16]} 38. Rg1 {[%clk 0:01:33]} d2 {[%clk 0:00:59]} 39. Rb1
{[%clk 0:01:42]} Kh7 {[%clk 0:00:49]} 40. Rg2 {[%clk 0:30:38]} Rdd5
{[%clk 0:30:35]} 41. h6 {[%clk 0:27:38]} Rxg5 {[%clk 0:17:20]} 42. Rxg5
{[%clk 0:27:41]} Rxg5 {[%clk 0:17:45]} 43. Rb7 {[%clk 0:27:41]} Kxh6
{[%clk 0:17:30]} 44. Rxa7 {[%clk 0:27:56]} Rd5 {[%clk 0:17:22]} 45. Rb7
{[%clk 0:26:35]} g5 {[%clk 0:17:18]} 46. Rb2 {[%clk 0:26:11]} Kh5
{[%clk 0:14:55]} 47. Rxd2 {[%clk 0:26:01]} Rb5 {[%clk 0:14:38]} 48. Ke2
{[%clk 0:25:41]} Kh4 {[%clk 0:14:38]} 49. Kf2 {[%clk 0:25:29]} Kh3
{[%clk 0:14:39]} 50. Rd3+ {[%clk 0:21:29]} Kh2 {[%clk 0:14:24]} 51. Kf3
{[%clk 0:20:53]} Rb4 {[%clk 0:13:54]} 52. Rd2+ {[%clk 0:12:47]} Kh3
{[%clk 0:13:33]} 53. Rd8 {[%clk 0:07:24]} g4+ {[%clk 0:12:00]} 54. Kf2
{[%clk 0:06:52]} Rb2+ {[%clk 0:11:50]} 55. Kg1 {[%clk 0:06:21]} Rb1+
{[%clk 0:11:40]} 56. Kf2 {[%clk 0:06:43]} g3+ {[%clk 0:11:29]} 57. Kf3
{[%clk 0:05:18]} Rf1+ {[%clk 0:11:45]} 58. Ke3 {[%clk 0:05:21]} g2
{[%clk 0:11:44]} 59. Rh8+ {[%clk 0:05:36]} Kg3 {[%clk 0:12:05]} 60. Rg8+
{[%clk 0:05:54]} Kh2 {[%clk 0:12:29]} 61. Rh8+ {[%clk 0:06:13]} Kg1
{[%clk 0:12:39]} 62. a4 {[%clk 0:04:25]} Rf7 {[%clk 0:11:53]} 63. Rb8
{[%clk 0:02:40]} Ra7 {[%clk 0:10:17]} 64. Kf3 {[%clk 0:01:32]} Rxa4
{[%clk 0:10:04]} 65. Kg3 {[%clk 0:01:37]} Ra3+ {[%clk 0:10:01]} 66. Kg4
{[%clk 0:01:56]} Ra7 {[%clk 0:09:23]} 67. Kf3 {[%clk 0:01:50]} Rh7
{[%clk 0:09:07]} 68. Rb1+ {[%clk 0:00:38]} Kh2 {[%clk 0:09:26]} 69. Rb2
{[%clk 0:01:06]} Rf7+ {[%clk 0:09:24]} 70. Kg4 {[%clk 0:01:31]} Kh1
{[%clk 0:09:38]} 0-1

[Event "WYCC Open U18"]
[Site "Porto Carras"]
[Date "2015.11.01"]
[Round "7.16"]
[White "Ali Marandi, Cemil Can"]
[Black "Xu, Yining"]
[Result "1/2-1/2"]
[BlackElo "2201"]
[WhiteElo "2439"]
[LiveChessVersion "1.4.6"]

1. b3 {[%clk 1:30:59]} e5 {[%clk 1:28:50]} 2. Bb2 {[%clk 1:30:07]} Nc6
{[%clk 1:29:05]} 3. e3 {[%clk 1:30:33]} Nf6 {[%clk 1:29:10]} 4. Nf3
{[%clk 1:30:56]} e4 {[%clk 1:28:50]} 5. Nd4 {[%clk 1:31:19]} Nxd4
{[%clk 1:29:12]} 6. Bxd4 {[%clk 1:31:46]} Be7 {[%clk 1:29:08]} 7. c4
{[%clk 1:29:56]} O-O {[%clk 1:27:01]} 8. d3 {[%clk 1:29:41]} d5 {[%clk 1:13:40]}
9. Nd2 {[%clk 1:26:52]} Bf5 {[%clk 1:10:28]} 10. Qc2 {[%clk 1:24:26]} exd3
{[%clk 1:03:02]} 11. Bxd3 {[%clk 1:24:39]} Bxd3 {[%clk 1:03:25]} 12. Qxd3
{[%clk 1:25:05]} dxc4 {[%clk 1:01:20]} 13. Qxc4 {[%clk 1:25:26]} Qd5
{[%clk 1:00:56]} 14. Bxf6 {[%clk 1:25:31]} Qxc4 {[%clk 0:59:50]} 15. Nxc4
{[%clk 1:25:58]} Bxf6 {[%clk 1:00:14]} 16. O-O-O {[%clk 1:26:22]} a5
{[%clk 0:56:42]} 17. Rd7 {[%clk 1:13:29]} a4 {[%clk 0:38:41]} 18. b4
{[%clk 1:11:48]} Rfe8 {[%clk 0:21:55]} 19. Rhd1 {[%clk 1:10:28]} b5
{[%clk 0:22:19]} 20. Nb2 {[%clk 1:08:06]} Rac8 {[%clk 0:17:00]} 21. Nd3
{[%clk 1:04:52]} Re4 {[%clk 0:16:15]} 22. Kd2 {[%clk 0:55:09]} Rc4
{[%clk 0:16:36]} 23. Rc1 1/2-1/2

[Event "WYCC Open U18"]
[Site "Porto Carras"]
[Date "2015.11.01"]
[Round "7.17"]
[White "Garriga Cazorla, Pere"]
[Black "Szotkowski, Jakub"]
[Result "1-0"]
[BlackElo "2328"]
[WhiteElo "2422"]
[LiveChessVersion "1.4.6"]

1. e4 {[%clk 1:30:57]} c5 {[%clk 1:30:39]} 2. Nf3 {[%clk 1:31:22]} Nc6
{[%clk 1:31:03]} 3. Nc3 {[%clk 1:31:32]} e6 {[%clk 1:31:12]} 4. d4
{[%clk 1:30:52]} cxd4 {[%clk 1:31:27]} 5. Nxd4 {[%clk 1:31:17]} Qc7
{[%clk 1:31:47]} 6. f4 {[%clk 1:31:41]} a6 {[%clk 1:30:57]} 7. Nxc6
{[%clk 1:32:04]} bxc6 {[%clk 1:29:19]} 8. Bd3 {[%clk 1:32:29]} d5
{[%clk 1:25:33]} 9. O-O {[%clk 1:32:36]} Nf6 {[%clk 1:24:50]} 10. Qe2
{[%clk 1:32:56]} Be7 {[%clk 1:22:46]} 11. Kh1 {[%clk 1:33:18]} Bb7
{[%clk 1:18:45]} 12. Bd2 {[%clk 1:32:11]} Nd7 {[%clk 1:05:40]} 13. Rae1
{[%clk 1:23:19]} O-O {[%clk 0:56:29]} 14. Na4 {[%clk 1:18:53]} Rfe8
{[%clk 0:48:29]} 15. e5 {[%clk 1:13:45]} f5 {[%clk 0:36:25]} 16. exf6
{[%clk 1:00:58]} Bxf6 {[%clk 0:36:39]} 17. Qh5 {[%clk 1:00:35]} Nf8
{[%clk 0:31:26]} 18. Nc5 {[%clk 0:57:04]} g6 {[%clk 0:26:08]} 19. Qf3
{[%clk 0:53:14]} a5 {[%clk 0:20:30]} 20. c4 {[%clk 0:50:54]} Rab8
{[%clk 0:13:44]} 21. Nxb7 {[%clk 0:49:58]} Qxb7 {[%clk 0:11:46]} 22. b3
{[%clk 0:49:19]} a4 {[%clk 0:08:52]} 23. b4 {[%clk 0:47:21]} Qg7 {[%clk 0:06:30]}
24. Rc1 {[%clk 0:46:40]} Rec8 {[%clk 0:06:11]} 25. Rfe1 {[%clk 0:45:45]} Bb2
{[%clk 0:06:10]} 26. Rc2 {[%clk 0:45:18]} a3 {[%clk 0:06:25]} 27. g3
{[%clk 0:45:03]} Qd4 {[%clk 0:05:29]} 28. Bf1 {[%clk 0:43:23]} Kf7
{[%clk 0:05:08]} 29. h4 {[%clk 0:41:45]} h5 {[%clk 0:04:27]} 30. Re5
{[%clk 0:38:32]} Qb6 {[%clk 0:03:18]} 31. Re1 {[%clk 0:35:24]} Qd4
{[%clk 0:03:44]} 32. Be3 {[%clk 0:35:35]} Qf6 {[%clk 0:03:55]} 33. Bc5
{[%clk 0:34:40]} Rd8 {[%clk 0:03:04]} 34. cxd5 {[%clk 0:30:25]} cxd5
{[%clk 0:03:02]} 35. Bh3 {[%clk 0:30:48]} e5 {[%clk 0:03:21]} 36. Qb3
{[%clk 0:29:08]} exf4 {[%clk 0:02:22]} 37. Be7 {[%clk 0:28:10]} Qd4
{[%clk 0:02:05]} 38. Bxd8 {[%clk 0:27:54]} Rxd8 {[%clk 0:02:19]} 39. Rf1
{[%clk 0:28:14]} Ne6 {[%clk 0:02:28]} 40. Bxe6+ {[%clk 0:58:13]} Kxe6
{[%clk 0:32:53]} 41. Rxf4 {[%clk 0:58:32]} Qd1+ {[%clk 0:30:46]} 42. Kg2
{[%clk 0:58:39]} Qe1 {[%clk 0:31:07]} 43. Qd3 {[%clk 0:58:30]} 1-0

[Event "WYCC Open U18"]
[Site "Porto Carras"]
[Date "2015.11.01"]
[Round "7.18"]
[White "Cuellar, Diego"]
[Black "Huber, Martin Christian"]
[Result "1/2-1/2"]
[BlackElo "2312"]
[WhiteElo "2372"]
[LiveChessVersion "1.4.6"]

1. Nf3 {[%clk 1:29:28]} d5 {[%clk 1:30:28]} 2. d4 {[%clk 1:29:29]} Nf6
{[%clk 1:28:37]} 3. c4 {[%clk 1:29:49]} c6 {[%clk 1:29:02]} 4. e3
{[%clk 1:29:55]} Bf5 {[%clk 1:28:23]} 5. Nc3 {[%clk 1:30:20]} e6 {[%clk 1:27:23]}
6. Nh4 {[%clk 1:30:35]} Be4 {[%clk 1:27:47]} 7. f3 {[%clk 1:28:37]} Bg6
{[%clk 1:26:57]} 8. Nxg6 {[%clk 1:11:10]} hxg6 {[%clk 1:27:06]} 9. Be2
{[%clk 1:02:47]} Qc7 {[%clk 1:18:48]} 10. g3 {[%clk 1:00:15]} Nbd7
{[%clk 1:18:37]} 11. O-O {[%clk 0:56:57]} Be7 {[%clk 1:11:41]} 12. a3
{[%clk 0:53:26]} dxc4 {[%clk 1:09:40]} 13. Bxc4 {[%clk 0:53:50]} Nb6
{[%clk 1:09:18]} 14. Ba2 {[%clk 0:53:04]} Rd8 {[%clk 1:07:01]} 15. Qe2
{[%clk 0:41:42]} O-O {[%clk 1:03:42]} 16. b4 {[%clk 0:36:55]} Nfd5
{[%clk 0:59:55]} 17. Bd2 {[%clk 0:28:59]} Nxc3 {[%clk 0:56:30]} 18. Bxc3
{[%clk 0:29:25]} Bf6 {[%clk 0:56:41]} 19. f4 {[%clk 0:28:19]} Nd5
{[%clk 0:40:06]} 20. Bd2 {[%clk 0:24:44]} Rd7 {[%clk 0:37:04]} 21. Rab1
{[%clk 0:24:17]} Rc8 {[%clk 0:33:30]} 22. Kg2 {[%clk 0:23:14]} Qd8
{[%clk 0:33:10]} 23. Rfd1 {[%clk 0:12:44]} Be7 {[%clk 0:30:18]} 24. Be1
{[%clk 0:10:49]} Qf8 {[%clk 0:25:02]} 25. Rd3 {[%clk 0:08:15]} 1/2-1/2

[Event "WYCC Open U16"]
[Site "Porto Carras"]
[Date "2015.10.25"]
[Round "1.1"]
[White "Rohrer, Christophe"]
[Black "Rambaldi, Francesco"]
[Result "0-1"]
[WhiteElo "2136"]
[BlackElo "2547"]
[PlyCount "88"]
[EventDate "2015.??.??"]
[WhiteClock "0:27:29"]
[BlackClock "1:14:41"]

1. e4 g6 2. d4 Bg7 3. Nc3 d6 4. f4 Nf6 5. Nf3 O-O 6. Bd3 Nc6 7. O-O Bg4 8. Be3
e5 9. fxe5 dxe5 10. dxe5 Nxe5 11. Be2 Qe7 12. Nxe5 Bxe2 13. Qxe2 Qxe5 14. Bf4
Qc5+ 15. Qf2 Qb4 16. e5 Ng4 17. Qg3 Nxe5 18. Rae1 Nc4 19. Ne4 Qxb2 20. Qh4 Nd6
21. Bxd6 cxd6 22. Nf6+ Bxf6 23. Rxf6 Rae8 24. Ref1 Qxc2 25. Qg3 Qxa2 26. h4 Qe2
27. Kh1 Re4 28. Qh3 Qg4 29. Qb3 Qxh4+ 30. Kg1 Rb4 31. Qf3 Qd4+ 32. Kh1 Qe4 33.
Qa3 Qh4+ 34. Kg1 Qd4+ 35. Kh1 Rb5 36. g3 Rh5+ 37. Kg2 Qd5+ 38. R1f3 a5 39. Rxd6
Qe4 40. Rdf6 Rd5 41. Qc3 Qe5 42. Qc2 Rfd8 43. Rf2 Qxf6 44. Rxf6 Rd2+ 0-1

[Event "WYCC Open U16"]
[Site "Porto Carras"]
[Date "2015.10.25"]
[Round "1.2"]
[White "Fawzy, Adham"]
[Black "Nie, Xinyang"]
[Result "1-0"]
[WhiteElo "2483"]
[BlackElo "2128"]
[PlyCount "47"]
[EventDate "2015.??.??"]
[WhiteClock "0:24:34"]
[BlackClock "1:04:44"]

1. e4 e6 2. d4 d5 3. e5 c5 4. c3 Qb6 5. Nf3 Bd7 6. a3 cxd4 7. cxd4 Ne7 8. Nc3
Nf5 9. g4 Ne7 10. Bd3 Nbc6 11. Na4 Qc7 12. b4 a6 13. Be3 g6 14. h3 Bg7 15. Rc1
h5 16. Rg1 hxg4 17. hxg4 Nc8 18. Ng5 Qd8 19. Nc5 Ra7 20. Qf3 Rf8 21. Nxf7 N6e7
22. Nxd8 Rxf3 23. Ndxe6 Rf7 24. Nc7+ 1-0

[Event "WYCC Open U16"]
[Site "Porto Carras"]
[Date "2015.10.25"]
[Round "1.4"]
[White "Moroni, Luca Jr"]
[Black "Chew Lee, Max"]
[Result "1-0"]
[WhiteElo "2460"]
[BlackElo "2112"]
[PlyCount "85"]
[EventDate "2015.??.??"]
[WhiteClock "0:38:51"]
[BlackClock "0:31:53"]

1. b3 e6 2. Bb2 b6 3. f4 Bb7 4. Nf3 Nf6 5. e3 d5 6. Ne5 Bd6 7. Be2 Nbd7 8. O-O
c5 9. Bb5 Qc7 10. Nxd7 Nxd7 11. Qg4 O-O-O 12. Qxg7 Rhf8 13. Qxh7 a6 14. Be2 d4
15. Bf3 Nf6 16. Qh4 Nd5 17. Qf2 e5 18. Kh1 Rh8 19. h3 Rdg8 20. f5 e4 21. Be2
Rg3 22. Na3 Qd8 23. Nc4 Rgxh3+ 24. gxh3 Rxh3+ 25. Kg1 Rg3+ 26. Qxg3 Bxg3 27.
Kg2 Qg5 28. Rg1 d3 29. cxd3 Be5+ 30. Kf1 Bg3 31. dxe4 Qh4 32. Rxg3 Qxg3 33.
exd5 Qh3+ 34. Ke1 Qh1+ 35. Bf1 Kd8 36. Bf6+ Kc7 37. d6+ Kd7 38. Be7 Bg2 39. Kf2
Bc6 40. Ne5+ Ke8 41. Nxc6 Qxc6 42. Bg2 Qb5 43. Rh1 1-0

[Event "WYCC Open U16"]
[Site "Porto Carras"]
[Date "2015.10.25"]
[Round "1.5"]
[White "Manukyan, Artyom"]
[Black "Maghsoodloo, Parham"]
[Result "0-1"]
[WhiteElo "2105"]
[BlackElo "2457"]
[PlyCount "76"]
[EventDate "2015.??.??"]
[WhiteClock "0:12:17"]
[BlackClock "1:14:13"]

1. e4 c6 2. d4 d5 3. Nc3 dxe4 4. Nxe4 Nf6 5. Nxf6+ exf6 6. c3 Bd6 7. Bd3 O-O 8.
Qc2 Re8+ 9. Ne2 g6 10. h4 Be6 11. h5 f5 12. hxg6 fxg6 13. Bh6 Qf6 14. O-O-O Nd7
15. Nf4 Bxf4+ 16. Bxf4 Qf7 17. b3 b5 18. f3 a5 19. Bd6 a4 20. Kb2 Nf6 21. Rdg1
Nd5 22. b4 Ne3 23. Qb1 Bc4 24. Bf4 Bxd3 25. Qxd3 Qc4 26. Qxc4+ Nxc4+ 27. Kb1
Re2 28. g4 fxg4 29. fxg4 Rb2+ 30. Ka1 Re8 31. Be5 a3 32. Re1 Rf8 33. Bg3 Rf3
34. Bh4 Ne3 35. Rxe3 Rxe3 36. Bg5 Ree2 37. Bc1 Rxa2+ 38. Kb1 Rac2 0-1

[Event "WYCC Open U16"]
[Site "Porto Carras"]
[Date "2015.10.25"]
[Round "1.6"]
[White "Kollars, Dmitrij"]
[Black "Dobrovoljc, Vid"]
[Result "1/2-1/2"]
[WhiteElo "2456"]
[BlackElo "2103"]
[PlyCount "101"]
[EventDate "2015.??.??"]
[WhiteClock "0:15:15"]
[BlackClock "0:07:20"]

1. c4 Nf6 2. g3 g6 3. Bg2 Bg7 4. Nc3 O-O 5. e4 d6 6. Nge2 c5 7. d3 Nc6 8. O-O
Ne8 9. Be3 Nd4 10. Rb1 a5 11. a4 Nc7 12. Nb5 e5 13. Nexd4 cxd4 14. Nxc7 Qxc7
15. Bd2 Bd7 16. b3 Bc6 17. f4 f5 18. fxe5 dxe5 19. Qe2 Rae8 20. Rf2 b6 21. b4
axb4 22. Bxb4 Rf7 23. Bd2 Ref8 24. Rbf1 f4 25. Bh3 Kh8 26. gxf4 exf4 27. Be6
Rf6 28. Bd5 Bxa4 29. e5 f3 30. Bxf3 Rf5 31. Bb4 Re8 32. Bd6 Qd7 33. Bg4 Rxf2
34. Rxf2 Qd8 35. Qe4 Qg5 36. Qf4 Qxf4 37. Rxf4 Bxe5 38. Bxe5+ Rxe5 39. Rxd4 Bc2
40. Kf2 b5 41. Rd8+ Kg7 42. Rd7+ Kf6 43. cxb5 Rxb5 44. Ke3 h5 45. Bf3 Bb3 46.
Rd6+ Be6 47. Ra6 Kf7 48. h4 Bd5 49. Be4 Bxe4 50. dxe4 g5 51. Kd4 1/2-1/2

[Event "WYCC Open U16"]
[Site "Porto Carras"]
[Date "2015.10.25"]
[Round "1.7"]
[White "Agibileg, Uurtsaikh"]
[Black "Haria, Ravi"]
[Result "0-1"]
[WhiteElo "2102"]
[BlackElo "2445"]
[PlyCount "133"]
[EventDate "2015.??.??"]
[WhiteClock "0:02:41"]
[BlackClock "0:02:17"]

1. d4 e6 2. c4 d5 3. Nc3 c6 4. e3 Nd7 5. Nf3 f5 6. Bd3 Bd6 7. cxd5 cxd5 8. b3
a6 9. Bb2 Ngf6 10. O-O O-O 11. Ne2 Qe7 12. Rc1 Ng4 13. Nf4 g5 14. Ne2 Qg7 15.
Bb1 Nh6 16. Qd2 g4 17. Ne1 Nf6 18. Nd3 Ne4 19. Qe1 Bd7 20. Nef4 Nf7 21. a4 a5
22. Qe2 Nfg5 23. Rfd1 Be8 24. Ne5 Rf6 25. Bxe4 dxe4 26. Qf1 Rh6 27. Nc4 Bxf4
28. exf4 Nh3+ 29. gxh3 gxh3+ 30. Kh1 Bh5 31. Nd2 Be2 32. d5 Bxf1 33. Bxg7 Bg2+
34. Kg1 Kxg7 35. Rc7+ Kh8 36. d6 Rg6 37. Rdc1 Rag8 38. Nf1 e3 39. fxe3 Bc6+ 40.
Kf2 Rg2+ 41. Ke1 Rd8 42. Rd1 Bd5 43. d7 Rg7 44. Ng3 Rgxd7 45. Rxd7 Rxd7 46. Kf2
Kg7 47. e4 fxe4 48. Nxe4 Rc7 49. Ng5 h6 50. Nxh3 Rc3 51. Ng1 Rxb3 52. Ne2 Rf3+
53. Kg1 Ra3 54. Rd4 Bc6 55. Rd6 Kf7 56. Nd4 Rxa4 57. f5 exf5 58. Nxf5 Rg4+ 59.
Ng3 Rg6 60. Rd8 a4 61. Kf2 Re6 62. Ne2 Ke7 63. Rh8 Kd6 64. Nd4 Rf6+ 65. Ke3 Kc5
66. h4 b5 67. Ra8 0-1

[Event "WYCC Open U16"]
[Site "Porto Carras"]
[Date "2015.10.25"]
[Round "1.8"]
[White "Lorparizangeneh, Shahin"]
[Black "Machlik, Endre"]
[Result "1-0"]
[WhiteElo "2440"]
[BlackElo "2094"]
[PlyCount "97"]
[EventDate "2015.??.??"]
[WhiteClock "1:00:28"]
[BlackClock "0:22:21"]

1. d4 Nf6 2. c4 e6 3. g3 Bb4+ 4. Bd2 a5 5. Bg2 d5 6. Nf3 O-O 7. O-O Nbd7 8. Qc2
c6 9. Bf4 b6 10. c5 a4 11. a3 Ba5 12. Qxa4 b5 13. Qc2 Bc7 14. Bxc7 Qxc7 15.
Nbd2 e5 16. e4 dxe4 17. Nxe5 Nxe5 18. dxe5 Qxe5 19. Nxe4 Bf5 20. Qc3 Qxc3 21.
Nxc3 Rac8 22. Rfd1 Rc7 23. Rd6 Rfc8 24. Rad1 Kf8 25. b4 Be6 26. h3 Ne8 27. Rd8
Ke7 28. Rxc8 Rxc8 29. Ne2 Rc7 30. g4 Rc8 31. Nd4 Bd7 32. Nf3 f6 33. Nd4 g6 34.
Nb3 Ra8 35. Na5 Rc8 36. Kh2 Rc7 37. Kg3 Rc8 38. h4 Rc7 39. g5 fxg5 40. hxg5 Ng7
41. Be4 Nf5+ 42. Kf4 Kf8 43. Ke5 Kf7 44. f3 Kf8 45. Bxf5 Bxf5 46. Rd8+ Ke7 47.
Rh8 Bc2 48. Rxh7+ Kd8 49. Nb7+ 1-0

[Event "WYCC Open U16"]
[Site "Porto Carras"]
[Date "2015.10.25"]
[Round "1.9"]
[White "Triger, Ramon"]
[Black "Santos Ruiz, Miguel"]
[Result "1/2-1/2"]
[WhiteElo "2091"]
[BlackElo "2431"]
[PlyCount "33"]
[EventDate "2015.??.??"]
[WhiteClock "0:44:53"]
[BlackClock "0:06:52"]

1. d4 f5 2. g3 Nf6 3. Bg2 g6 4. c4 Bg7 5. Nc3 O-O 6. Nf3 d6 7. O-O c6 8. d5 e5
9. dxc6 bxc6 10. Qb3 Nbd7 11. Rd1 Qc7 12. Qc2 e4 13. Nd4 Ne5 14. Qa4 Bd7 15. c5
d5 16. b4 a6 17. f4 1/2-1/2

[Event "WYCC Open U16"]
[Site "Porto Carras"]
[Date "2015.10.25"]
[Round "1.10"]
[White "Vogel, Roven"]
[Black "Quinonez Garcia, Santiago"]
[Result "1/2-1/2"]
[WhiteElo "2417"]
[BlackElo "2089"]
[PlyCount "111"]
[EventDate "2015.??.??"]
[WhiteClock "0:26:37"]
[BlackClock "0:06:21"]

1. e4 c5 2. Nf3 g6 3. d4 cxd4 4. Nxd4 Nc6 5. c4 Nf6 6. Nc3 Nxd4 7. Qxd4 d6 8.
Be3 Bg7 9. Be2 O-O 10. Qd2 a5 11. O-O a4 12. Rab1 Be6 13. f3 Qa5 14. Rfc1 Rfc8
15. b4 axb3 16. axb3 Nd7 17. b4 Qa3 18. Nd5 Bxd5 19. exd5 Qa2 20. Qd1 Qa3 21.
Rb3 Qa2 22. f4 Ra3 23. Rxa3 Qxa3 24. Qd2 Nf6 25. Bf3 Nd7 26. Qe1 Qd3 27. Qe2
Qxe2 28. Bxe2 b6 29. Bg4 f5 30. Bd1 Ra8 31. g4 Ra3 32. Kf2 Bc3 33. gxf5 gxf5
34. Bc2 Ra2 35. Kf3 Bxb4 36. Bxf5 Nf6 37. Be6+ Kf8 38. Bxb6 Ra3+ 39. Kg2 Bd2
40. Rb1 Bxf4 41. Bd4 Ra4 42. Rb8+ Kg7 43. Rc8 Kg6 44. h3 Bg5 45. Kf3 Ra3+ 46.
Kf2 Ra2+ 47. Kf1 Rc2 48. c5 dxc5 49. Rxc5 Rxc5 50. Bxc5 Nh5 51. d6 exd6 52.
Bxd6 Bf4 53. Bb4 Be5 54. Bb3 Nf4 55. Bc2+ Kg7 56. Bf5 1/2-1/2

[Event "WYCC Open U16"]
[Site "Porto Carras"]
[Date "2015.10.25"]
[Round "1.11"]
[White "Lee, Deon"]
[Black "Shtembuliak, Evgeny"]
[Result "0-1"]
[WhiteElo "2082"]
[BlackElo "2416"]
[PlyCount "92"]
[EventDate "2015.??.??"]
[WhiteClock "0:22:48"]
[BlackClock "0:29:21"]

1. e4 c5 2. Nf3 Nc6 3. Bb5 e5 4. Bxc6 dxc6 5. d3 Bd6 6. h3 Ne7 7. Nc3 f6 8. Be3
Be6 9. Qd2 Qd7 10. a4 a5 11. Ne2 g5 12. Ng3 h5 13. h4 g4 14. Ng1 Qc7 15. Bh6
Ng8 16. Be3 O-O-O 17. c4 Ne7 18. N1e2 b6 19. Qc3 Kb7 20. Qb3 Ng6 21. O-O-O Nf4
22. Rhg1 Qh7 23. Rd2 Rd7 24. Kc2 Rhd8 25. Nc1 Ka6 26. Qc3 f5 27. Qb3 Bc7 28.
Qc3 fxe4 29. Nxe4 Qg6 30. f3 Bf5 31. Re1 gxf3 32. gxf3 Ng2 33. Ree2 Nxh4 34.
Rf2 Bxe4 35. fxe4 Qg3 36. Rde2 Nf3 37. Rg2 Qh3 38. b3 h4 39. Rg6 Kb7 40. Reg2
Qh1 41. Kb2 h3 42. Re2 h2 43. Rgg2 Qd1 44. Rxh2 Nxh2 45. Rxh2 Rxd3 46. Nxd3
Rxd3 0-1

[Event "WYCC Open U16"]
[Site "Porto Carras"]
[Date "2015.10.25"]
[Round "1.12"]
[White "Sarana, Alexey"]
[Black "Saleem, Arshaq"]
[Result "1-0"]
[WhiteElo "2413"]
[BlackElo "2082"]
[PlyCount "73"]
[EventDate "2015.??.??"]
[WhiteClock "0:48:57"]
[BlackClock "0:02:53"]

1. Nf3 d6 2. g3 Nf6 3. Bg2 g6 4. O-O Bg7 5. c4 O-O 6. Nc3 e5 7. d3 h6 8. Rb1 a5
9. a3 Re8 10. e4 c6 11. Re1 Na6 12. b4 axb4 13. axb4 Nc7 14. Be3 Ne6 15. Qb3
Ng4 16. Bd2 Qb6 17. Rf1 Nd4 18. Nxd4 exd4 19. Ne2 Qa7 20. h3 Ne5 21. f4 Qa2 22.
Rfd1 Qxb3 23. Rxb3 Nd7 24. Bc1 f5 25. Kf2 Ra2 26. Rd2 Rxd2 27. Bxd2 fxe4 28.
Bxe4 Kf7 29. Bg2 Re7 30. Ra3 Nf8 31. g4 Ke8 32. Ng3 Rf7 33. Ne4 Kd7 34. Ra8 Ne6
35. Rxc8 Nxf4 36. Rb8 Kc7 37. Rxb7+ 1-0

[Event "WYCC Open U16"]
[Site "Porto Carras"]
[Date "2015.10.25"]
[Round "1.13"]
[White "Sadubayev, Airat"]
[Black "Costachi, Mihnea"]
[Result "0-1"]
[WhiteElo "2079"]
[BlackElo "2407"]
[PlyCount "186"]
[EventDate "2015.??.??"]
[WhiteClock "0:00:31"]
[BlackClock "0:01:30"]

1. e4 e5 2. Nf3 Nc6 3. Bb5 a6 4. Ba4 Nf6 5. O-O Be7 6. Re1 b5 7. Bb3 d6 8. c3
O-O 9. h3 Na5 10. Bc2 c5 11. d4 Nd7 12. d5 Nb6 13. Nbd2 Bd7 14. b4 Nb7 15. Nf1
a5 16. Ne3 g6 17. Bd2 Bf6 18. a3 Bg7 19. Qb1 Qc7 20. Rc1 c4 21. Nf1 f5 22. exf5
gxf5 23. Ne3 e4 24. Ng5 h6 25. Ne6 Bxe6 26. dxe6 d5 27. bxa5 Rxa5 28. Qb4 f4
29. Ng4 h5 30. Nh2 Be5 31. f3 Bd6 32. Qb1 e3 33. Be1 Nc5 34. Bg6 Nb3 35. Bxh5
Nxc1 36. Bf7+ Rxf7 37. exf7+ Qxf7 38. Ng4 Kg7 39. Qxc1 Qf5 40. Bh4 Nd7 41. Qe1
Ra8 42. Rb1 Rxa3 43. Rxb5 Rb3 44. Rxb3 cxb3 45. Qa1 Bc5 46. Kh2 Qe6 47. Qb1 e2
48. Be1 d4 49. cxd4 Bxd4 50. Qd3 Bf6 51. Nxf6 Nxf6 52. Qb5 Qe3 53. Qb4 Kg6 54.
Bd2 Qe5 55. Qxb3 e1=Q 56. Bxe1 Qxe1 57. Qb5 Qd2 58. h4 Nd5 59. Qc6+ Kf5 60.
Qd7+ Ke5 61. Qg7+ Kd6 62. Qf8+ Kc6 63. Qc8+ Kb5 64. Qd7+ Kc4 65. h5 Qf2 66. Qg4
Kc3 67. Qc8+ Kd2 68. Qc4 Qh4+ 69. Kg1 Qxh5 70. Qd4+ Kc2 71. Qe4+ Kc3 72. Qe1+
Kd4 73. Qd2+ Ke5 74. Qe2+ Kf6 75. Qa6+ Kg7 76. Qb7+ Kg6 77. Qc6+ Nf6 78. Qd6
Qg5 79. Qe6 Qf5 80. Qd6 Qg5 81. Qe6 Qc5+ 82. Kf1 Kg5 83. Qf7 Qc1+ 84. Kf2 Qe3+
85. Kf1 Kf5 86. Qf8 Qe6 87. Kf2 Kg6 88. Qc5 Nh5 89. Qc2+ Kg5 90. Kg1 Qe1+ 91.
Kh2 Ng3 92. Qc5+ Kh4 93. Qc1 Nf1+ 0-1

[Event "WYCC Open U16"]
[Site "Porto Carras"]
[Date "2015.10.25"]
[Round "1.14"]
[White "Kantor, Gergely"]
[Black "Agdelen, Huseyin Can"]
[Result "1-0"]
[WhiteElo "2403"]
[BlackElo "2078"]
[PlyCount "55"]
[EventDate "2015.??.??"]
[WhiteClock "0:13:13"]
[BlackClock "0:00:44"]

1. d4 Nf6 2. c4 g6 3. g3 Bg7 4. Bg2 d5 5. cxd5 Nxd5 6. Nf3 Nb6 7. Nc3 O-O 8.
O-O Nc6 9. e3 Re8 10. Nh4 e5 11. d5 Na5 12. Rb1 e4 13. Nxe4 Nxd5 14. Qa4 Nc6
15. Rd1 Be6 16. Nc5 Nb6 17. Rxd8 Raxd8 18. Qc2 Nb4 19. Qe2 Bc4 20. Qf3 Nc2 21.
b3 Ne1 22. Qxb7 Rd1 23. Bf1 Bd5 24. Qa6 g5 25. Qe2 gxh4 26. e4 hxg3 27. Qxd1
Bd4 28. hxg3 1-0